<?xml version="1.0" encoding="UTF-8"?><?xml-stylesheet type="text/xsl" href="static/style.xsl"?><OAI-PMH xmlns="http://www.openarchives.org/OAI/2.0/" xmlns:xsi="http://www.w3.org/2001/XMLSchema-instance" xsi:schemaLocation="http://www.openarchives.org/OAI/2.0/ http://www.openarchives.org/OAI/2.0/OAI-PMH.xsd"><responseDate>2026-06-29T01:51:33Z</responseDate><request verb="GetRecord" identifier="oai:docta.ucm.es:20.500.14352/121225" metadataPrefix="marc">https://docta.ucm.es/rest/oai/request</request><GetRecord><record><header><identifier>oai:docta.ucm.es:20.500.14352/121225</identifier><datestamp>2025-06-12T00:05:21Z</datestamp><setSpec>com_20.500.14352_1</setSpec><setSpec>col_20.500.14352_6</setSpec></header><metadata><record xmlns="http://www.loc.gov/MARC21/slim" xmlns:dcterms="http://purl.org/dc/terms/" xmlns:xsi="http://www.w3.org/2001/XMLSchema-instance" xmlns:doc="http://www.lyncode.com/xoai" xsi:schemaLocation="http://www.loc.gov/MARC21/slim http://www.loc.gov/standards/marcxml/schema/MARC21slim.xsd">
   <leader>00925njm 22002777a 4500</leader>
   <datafield ind2=" " ind1=" " tag="042">
      <subfield code="a">dc</subfield>
   </datafield>
   <datafield ind2=" " ind1=" " tag="720">
      <subfield code="a">López Marcos, José Javier</subfield>
      <subfield code="e">author</subfield>
   </datafield>
   <datafield ind2=" " ind1=" " tag="720">
      <subfield code="a">Ortiz Gutiérrez, Rosa</subfield>
      <subfield code="e">author</subfield>
   </datafield>
   <datafield ind2=" " ind1=" " tag="260">
      <subfield code="c">2025-06-09</subfield>
   </datafield>
   <datafield ind2=" " ind1=" " tag="520">
      <subfield code="a">Este documento ha sido elaborado como una guía didáctica para estudiantes de doctorado en Ciencias de la Salud que se enfrentan al reto de redactar la introducción de su primer artículo científico. A lo largo del texto se expone, de manera estructurada y práctica, cómo construir una introducción eficaz, partiendo de su función dentro del artículo, sus objetivos comunicativos y su organización lógica (desde el planteamiento general del problema hasta la formulación específica del objetivo o hipótesis del estudio). Se incluyen orientaciones sobre el estilo de redacción, el uso adecuado de conectores discursivos, los tiempos verbales más apropiados, y una selección de verbos específicos según la función que cumple cada sección. Asimismo, se incorporan recomendaciones sobre terminología académica, gramática y sintaxis. El documento también ofrece una introducción al uso de las principales listas de verificación internacionales para la redacción científica (STROBE, CONSORT, PRISMA, STARD, COREQ y SRQR), con indicaciones sobre su aplicación según el diseño metodológico del estudio. El objetivo principal es proporcionar al alumnado herramientas conceptuales y técnicas que les permitan redactar introducciones claras, justificadas y alineadas con los estándares de publicación científica actuales, favoreciendo así su autonomía investigadora y la calidad de sus futuros manuscritos.</subfield>
   </datafield>
   <datafield ind1="8" ind2=" " tag="024">
      <subfield code="a">https://hdl.handle.net/20.500.14352/121225</subfield>
   </datafield>
   <datafield ind2="0" ind1="0" tag="245">
      <subfield code="a">Herramientas necesarias para desarrollar y redactar un artículo científico, con solvencia, técnica y confianza: la introducción.</subfield>
   </datafield>
</record></metadata></record></GetRecord></OAI-PMH>